| 000 | 00615nam a22002057a 4500 | ||
|---|---|---|---|
| 003 | OSt | ||
| 005 | 20250818030551.0 | ||
| 008 | 250818b |||||||| |||| 00| 0 eng d | ||
| 020 | _a978-971-0445-33-2. | ||
| 040 |
_aDWC-Main Lib. _cOC |
||
| 082 | _aFil. | ||
| 100 | _aBURON, GERRY | ||
| 245 |
_aIntroduction to programming using Turbo C/ _cBURON, GERRY |
||
| 260 |
_aManila : _bMindshapers Co., Inc., _cc2009. |
||
| 300 |
_aix, 101 p. ; _c25 cm. |
||
| 504 | _aIncludes bibliographical references. | ||
| 650 | _aComputer programming. | ||
| 650 | _aProgramming languages. | ||
| 942 |
_2ddc _cBK - FIL _hFil. _n0 |
||
| 999 |
_c3993 _d3993 |
||